CHILD DEVELOPMENT (Record no. 18957)

MARC details
000 -LEADER
fixed length control field 00255nam a22001217a 4500
003 - CONTROL NUMBER IDENTIFIER
control field SGT
082 ## - DEWEY DECIMAL CLASSIFICATION NUMBER
Classification number 305.231
Item number MIT
100 ## - MAIN ENTRY--PERSONAL NAME
Personal name MITTAL, DR. SUJATA
245 ## - TITLE STATEMENT
Title CHILD DEVELOPMENT
260 ## - PUBLICATION, DISTRIBUTION, ETC. (IMPRINT)
Place of publication, distribution, etc DELHI
Name of publisher, distributor, etc ISHA BOOK
Year of Publication 2004
300 ## - PAGE DESCRIPTION
No. of Pages 282
942 ## - ADDED ENTRY ELEMENTS (KOHA)
Source of classification or shelving scheme Dewey Decimal Classification
Koha item type Books
Holdings
Withdrawn status Lost status Source of classification or shelving scheme Damaged status Not for loan Collection code Home library Current library Date acquired Cost, normal purchase price Volume Information (Serial or Books or Non-Book Material) SGTU Full call number Accession No. (Barcode) Date last seen Bill Date Koha item type
    Dewey Decimal Classification     EDUCATION SGT Engineering Library SGT Engineering Library 30/08/2019 5000.00 1 SGTU 305.231 MIT ED4320 30/08/2019 30/08/2019 Books
    Dewey Decimal Classification     EDUCATION SGT Engineering Library SGT Engineering Library 30/08/2019 5000.00 1 SGTU 305.231 MIT ED4321 30/08/2019 30/08/2019 Books
    Dewey Decimal Classification     EDUCATION SGT Engineering Library SGT Engineering Library 30/08/2019 5000.00 2 SGTU 305.231 MIT ED4322 30/08/2019 30/08/2019 Books
    Dewey Decimal Classification     EDUCATION SGT Engineering Library SGT Engineering Library 30/08/2019 5000.00 2 SGTU 305.231 MIT ED4323 30/08/2019 30/08/2019 Books
    Dewey Decimal Classification     EDUCATION SGT Engineering Library SGT Engineering Library 30/08/2019 5000.00 3 SGTU 305.231 MIT ED4324 30/08/2019 30/08/2019 Books
    Dewey Decimal Classification     EDUCATION SGT Engineering Library SGT Engineering Library 30/08/2019 5000.00 3 SGTU 305.231 MIT ED4325 30/08/2019 30/08/2019 Books